Princezná solimanská režijné poznámky k bábkovej hre

Bibliographic Details
Main Author: Marešová, Jindra (Author)
Other Authors: Ivák, Milan (Translator)
Format: Book
Language:Slovak
Czech
PhysicalDescription:22 s. 4°
Published: Bratislava Osvetový ústav 1960
Subjects:

MARC

LEADER 00000cam a2200000 a 4500
001 vtls008353872
003 SK-MaSNL
005 20260301094447.0
008 181127s1960 xo 000 0 slo
015 |a SNBA1960/09-01479 
035 |a SK01SNK19600046089 
035 |a SKM000048552 
040 |a SNK  |b slo  |c SNK  |e AACR2 
041 1 |a slo  |h cze 
044 |a xo  |c SK 
080 |a 792.2  |2 1981 
100 1 |a Marešová, Jindra  |4 aut  |9 428283 
245 1 0 |a Princezná solimanská  |b režijné poznámky k bábkovej hre  |c Jindra Marešová ; hru podľa rozprávky Karola Čapka zdramat. a upr.: K. Langer, E. Hábová, V. Mrázová ; [z čes. orig.] prel. Milan Ivák 
260 |a Bratislava  |b Osvetový ústav  |c 1960 
300 |a 22 s.  |c 4° 
366 |e 200 výtl. 
600 1 7 |a Čapek, Karel,  |d 1890-1938  |t Princezná solimanská  |2 SNK  |9 428284 
650 0 7 |a bábkové hry  |2 SNKPH  |9 85271 
655 7 |a režijné rozbory  |2 SNKPH  |9 336023 
700 1 |a Ivák, Milan  |4 trl  |9 272620 
852 |a Slovenská národná knižnica 
958 |a OND 
958 |a RM 
958 |a RK 
958 |a LX 
958 |a CZ 
958 |a OP 
999 |c 680340  |d 682270 
952 |a SNK  |b SNK  |y VYP  |7 0  |p 17A0656201  |o snkSB 6503 D1  |i snkKSP 2652/60  |0 0  |1 0  |4 0  |d 2010-04-30  |l 0  |r 2026-02-23 19:54:57  |w 2026-02-23 
952 |a SNK  |b SNK  |y PREZ  |7 0  |p 17A0741486  |o snkSB 6503  |0 0  |1 0  |4 0  |d 2011-11-04  |f 1  |l 0  |r 2026-02-23 19:54:57  |w 2026-02-23